000 00498nam a2200193Ia 4500
008 210417s9999 xx 000 0 und d
020 _a9781632382429
020 _b1632382423
082 _a333.79 THO
082 _b22.333.79 THO
245 0 _aHandbook of energy : Volume I
245 0 _cHandbook of energy Volume I
250 _b"vi, 204p. 28cm. hbk."
260 _aNew York
260 _bNY Research Press
260 _c2015
700 _a"Thomson, George"
700 _bGeorge Thomson
999 _c484181
_d484181